Normal view
MARC view
- رشيد، فايز
Entry Personal Name
001 - CONTROL NUMBER
- control field: 50145
003 - CONTROL NUMBER IDENTIFIER
- control field: JO-AjAnu
005 - DATE AND TIME OF LATEST TRANSACTION
- control field: 20230606082246.0
008 - FIXED-LENGTH DATA ELEMENTS
- fixed length control field: 230606|| aca||aabn | a|a d
040 ## - CATALOGING SOURCE
- Original cataloging agency: JO-AjAnu
- Transcribing agency: JO-AjAnu
100 ## - HEADING--PERSONAL NAME
- Personal name: رشيد، فايز
670 ## - SOURCE DATA FOUND
- Source citation: Work cat.: (JO-AjAnu)25639: رشيد، فايز, author, ذهبت مع الريح: قصص قصيرة